Casos constitucionais em destaque: princípios fundamentais

Salvato in:
Dettagli Bibliografici
Autore principale: Pardo, David Wilson de Abreu (autor)
Natura: Libro
Lingua:portoghese
Pubblicazione: Brasilia Conselho da Justica Federal 2013
Serie:Monografias do CEJ, 16
Soggetti:
Tags: Aggiungi Tag
Nessun Tag, puoi essere il primo ad aggiungerne!!

MARC

LEADER 00000cam a2200000 a 4500
001 UCF9289
003 CL-VaPUC
008 131111e20130000bl |||||||||||||||||por|d
020 |a 9788582960028 
082 0 4 |a 342  |b PAR  |2 21 
100 |a Pardo, David Wilson de Abreu  |e autor  |9 571582 
245 1 0 |a Casos constitucionais em destaque: princípios fundamentais 
300 |a 278 p 
942 |c BK 
945 |d 20131111 15:03:00  |a dcastane 
260 |a Brasilia  |b Conselho da Justica Federal  |c 2013 
650 0 |a Derecho administrativo  |9 254851 
650 0 |a Derecho constitucional   |9 222588 
583 |a last modification  |c 20131111 15:03:00  |k Rodrigo Vera 
490 0 |a Monografias do CEJ, 16 
999 |c 353762  |d 353760 
952 |0 0  |1 0  |3 erb  |4 0  |6 342_000000000000000_PAR_2013  |7 0  |8 A  |9 459141  |a BIBDER  |b BIBDER  |d 2019-11-23  |i 5025311  |o 342 PAR 2013  |p 5025311  |r 2023-01-25  |w 2019-11-23  |y BK  |z Catalogado en:20131111  |k DER